000 00558nam a2200181Ia 4500
008 140925s9999 xx 000 0 und d
020 _a2307-6305
245 _aInternational journal of social science and entrepreneurship,
_h[electronic resource]
260 _bIJAE,
_cc2014.
516 _aElectronic text
650 _aEntrepreneurship.
650 _aJournal.
650 _aSocial Science.
830 _aIJAE
856 _uhttp://www.ijsse.org/index.php?option=com_content&view=article&id=67&Itemid=63
942 _cEJ
999 _c275772
_d275772